000
00304nam a22001337a 4500
003
OSt
008
231026b |||||||| |||| 00| 0 eng d
041
_a
hin
082
_a
891.54
_b
KER/PA
245
_a
Pada prasoon
260
_a
Thiruvananthapuram
_b
Keral Hindi Prachar Sabha
300
_a
92
942
_c
BK
999
_c
17756
_d
17756